La Amazonía rebelde: Perú 2009 /
El libro pretende ser un documento que muestre lo que sucedía en el país en los días del levantamiento amazónico a partir de la experiencia del seminario internacional Luchas por el Territorio: Minería, Amazonia y Ecologismo Popular. La articulación de textos de opinión, notas de prensa, pronunciami...
Guardado en:
| Otros Autores: | , , |
|---|---|
| Formato: | Desconocido |
| Lenguaje: | Spanish |
| Publicado: |
Perú :
CLACSO,
|
| Materias: | |
| Etiquetas: |
Agregar Etiqueta
Sin Etiquetas, Sea el primero en etiquetar este registro!
|
MARC
| LEADER | 00000 a2200000 04500 | ||
|---|---|---|---|
| 001 | 40336 | ||
| 003 | cru CIDCAS/IIS | ||
| 005 | 20230919154438.0 | ||
| 008 | 050701s2009 pe spa d | ||
| 020 | |a 978-9972-834-32-5 | ||
| 022 | |a 978-9972-834-32-5 | ||
| 040 | |c cru CIDCAS/IIS | ||
| 090 | |a 1002 A411a | ||
| 100 | |a Alimonda, Héctor, |e editor | ||
| 245 | |a La Amazonía rebelde: |b Perú 2009 / |c editores Héctor Alimonda, Raphael Hoetmer, Diego Saavedra Celestino | ||
| 260 | |a Perú : |b CLACSO, | ||
| 300 | |a 211 páginas : fotos, ilustraciones, mapas | ||
| 500 | |a Clasificación del SIBDI 30898 A489a | ||
| 520 | |a El libro pretende ser un documento que muestre lo que sucedía en el país en los días del levantamiento amazónico a partir de la experiencia del seminario internacional Luchas por el Territorio: Minería, Amazonia y Ecologismo Popular. La articulación de textos de opinión, notas de prensa, pronunciamientos, artículos de análisis, acompañados de una cronología de los acontecimientos forman un documento de coyuntura que convoca a la discusión sobre la importancia del levantamiento amazónico para la construcción de una América más justa y democrática. El 5 de junio del 2009 marca un punto de inflexión en la historia peruana. Ese día el desalojo violento de bloqueos pacíficos organizados por comunidades amazónicas Awajun y Wampis resultó en una serie de acontecimientos que provocaron la muerte de treinta y tres ciudadanos peruanos, entre manifestantes nativos y mestizos y policías. El desalojo se dio tras casi dos meses de levantamiento amazónico en contra de una serie de decretos legislativos lesivos a los derechos e las comunidades contemplados en la legislación internacional. Tras la persistente lucha de las organizaciones amazónicas, y la enorme solidaridad a nivel nacional e internacional con ella, el gobierno peruano finalmente derogó varios de los decretos ley. RAR 23/03/22 | ||
| 650 | 0 | |2 TESAURO OCDE |9 3 |a MOVIMIENTOS SOCIALES | |
| 651 | 0 | |2 TESAURO OCDE |9 2675 |a PERU | |
| 700 | |a Hoetmer, Raphael, editor | ||
| 700 | |a Saavedra Celestino, Diego, editor | ||
| 942 | |2 z |c LI |h 14.03.02 A411a |6 140302_A411A | ||
| 999 | |c 15573 |d 15573 | ||



